Controle externo e desenvolvimento sustentável : (Record no. 1066)

MARC details
000 -LÍDER
Campo Fixo de Controle 00928nam a2200241 a 4500
001 - NÚMERO DE CONTROLE
Campo de Controle 1066
003 - IDENTIFICAÇÃO DO NÚMERO DE CONTROLE
Campo de Controle BR-CuiBMT
005 - DATA E HORA DA ÚLTIMA ATUALIZAÇÃO
Campo de Controle 20231129011656.0
008 - DADOS FIXOS
Dados Fixos 231128s2022 prb 001 0 por d
020 ## - INTERNATIONAL STANDARD BOOK NUMBER
Nº do ISBN 9788536299778
040 ## - AGÊNCIA CATALOGADORA
Código da Agência Catalogadora BR-CuiBMT
Agência que transcreveu o registro BR-CuiBMT
080 ## - Nº DA CLASSIFICAÇÃO DECIMAL UNIVERSAL
Nº edição CDU 2007
Nº Class. CDU 35.078.3:502.131.1
090 ## - NÚMERO DE CHAMADA
Nº classificação 35.078.3:502.131.1
Cutter W784c
100 1# - ENTRADA PRINCIPAL -- AUTOR PESSOAL
Nome pessoal Winter, Ana Carollina Souza
245 10 - TÍTULO PRINCIPAL
Título principal Controle externo e desenvolvimento sustentável :
Subtítulo o papel dos tribunais de contas do Brasil e de Portugal na implementação da agenda 2030 /
Indicação de responsabilidade Ana Carollina Souza Winter ; prefácio de Paulo Nogueira da Costa.
260 ## - PUBLICAÇÃO, DISTRIBUIÇÃO, ETC.
Local de publicação Curitiba :
Editora Juruá,
Data 2022.
300 ## - DESCRIÇÃO FÍSICA
N. páginas ou volumes 163 p. ;
Dimensões 21 cm
504 ## - NOTA DE BIBLIOGRAFIA, ETC.
Nota de bibliografia Inclui índice.
650 ## - ASSUNTO TÓPICO
Cabeçalho tópico ou nome geográfico Controle externo
Subdivisão geral Tribunais de contas
Subdivisão geográfica Brasil
650 ## - ASSUNTO TÓPICO
Cabeçalho tópico ou nome geográfico Controle externo
Subdivisão geral Tribunais de contas
Subdivisão geográfica Portugal
650 ## - ASSUNTO TÓPICO
Cabeçalho tópico ou nome geográfico Sustentabilidade e meio ambiente
Subdivisão geral Relações internacionais
942 ## - ELEMENTOS DE ENTRADA ADICIONAIS (KOHA)
Fonte de classificação ou esquema de arquivamento Classificação Decimal Universal
Tipo de item do Koha Livros
Holdings
Estado: removido Estado: perdido Fonte de classificação ou esquema de arquivamento Estado: danificado Indisponível para empréstimo Localização permanente Localização atual Data de aquisição Total Checkouts Número de Chamada completo Código de barras Date last seen Número do exemplar Preço efetivo a partir de Tipo de item (Koha)
    Classificação Decimal Universal     Biblioteca da Escola Superior de Contas do TCE/MT Biblioteca da Escola Superior de Contas do TCE/MT 27/11/2023   35.078.3:502.131.1 W784c BIBTCEMT23111196 28/11/2023 Ex. 1 28/11/2023 Livros

Powered by Koha